| 000 | 01297nam a2200325Ia 4500 | ||
|---|---|---|---|
| 001 | ebr10320370 | ||
| 003 | CaPaEBR | ||
| 006 | m u | ||
| 007 | cr cn||||||||| | ||
| 008 | 010523s2002 ohua sb 001 0 eng d | ||
| 010 | _z 2001040042 | ||
| 020 | _z9780871707291 | ||
| 020 | _z0871707292 | ||
| 040 |
_aCaPaEBR _cCaPaEBR |
||
| 035 | _a(OCoLC)647829195 | ||
| 050 | 1 | 4 |
_aTA473 _b.H3215 2002eb |
| 245 | 0 | 0 |
_aHandbook of residual stress and deformation of steel _h[electronic resource] / _cedited by G. Totten, M. Howes, T. Inoue. |
| 260 |
_aMaterials Park, OH : _bASM International, _cc2002. |
||
| 300 |
_avii, 499 p. : _bill. |
||
| 504 | _aIncludes bibliographical references and index. | ||
| 533 |
_aElectronic reproduction. _bPalo Alto, Calif. : _cebrary, _d2009. _nAvailable via World Wide Web. _nAccess may be limited to ebrary affiliated libraries. |
||
| 650 | 0 |
_aSteel _xFatigue _vHandbooks, manuals, etc. |
|
| 650 | 0 |
_aResidual stresses _vHandbooks, manuals, etc. |
|
| 655 | 7 |
_aElectronic books. _2local |
|
| 700 | 1 | _aTotten, George E. | |
| 700 | 1 | _aHowes, Maurice A. H. | |
| 700 | 1 |
_aInoue, Tatsuo, _d1939- |
|
| 710 | 2 | _aebrary, Inc. | |
| 856 | 4 | 0 |
_uhttp://site.ebrary.com/lib/rucke/Doc?id=10320370 _zAn electronic book accessible through the World Wide Web; click to view |
| 999 |
_c60869 _d60869 |
||